Wyspy przedzielone granicami państwowymi - Statystyki

Ogólne statystyki
  • Ten quiz został rozwiązany 31 razy
  • Średni wynik to 6 z 15
Statystyki odpowiedzi
Powierzchnia w km² Wyspa % Poprawnych
73 929 Haiti (Haiti, Dominikana)
90%
81 638 Irlandia (Irlandia, Wielka Brytania)
83%
748 168 Borneo (Indonezja, Malezja, Brunei)
76%
785 753 Nowa Gwinea (Indonezja, Papua-Nowa Gwinea)
72%
9 234 Cypr (Cypr, Wielka Brytania, "Cypr Północny")
59%
1,3 Hans (Kanada, Dania)
41%
28 418 Timor (Indonezja, Timor Wschodni)
34%
445 Uznam (Polska, Niemcy)
31%
<0,03 Koiluoto (Finlandia, Rosja)
17%
91,9 Saint Martin (Francja, Holandia)
17%
0,66 Grobla Króla Fahda (Arabia Saudyjska, Bahrajn)
14%
0,71 Kataja (Finlandia, Szwecja)
10%
0,03 Märket (Finlandia, Szwecja)
10%
452,2 Sebatik (Indonezja, Malezja)
7%
47 992 Ziemia Ognista (Argentyna, Chile)
7%
Nie znaleziono quizów pasujących do podanych kryteriów
Rozkład punktacji
Procent ludzi z każdym wynikiem
Percentyl według liczby udzielonych odpowiedzi
Twoja historia wyników
Nie rozwiązałeś tego quizu